000 00567 a2200085 4500
100 1 _aDyszyński, Stanisław.
_eAutor
245 0 _aZbadanie możliwości racjonalnego zawężenia pasma emisji radiofonicznych z modulacją amplitudy na falach średnich i długich :
_bLaboratoryjne przeprowadzenie subiektywnej oceny jakości różnych rodzajów audycji przy zawężeniu pasma częstotliwości sygnału madulującego oraz przeanalizowanie wyników /
_cDyszyński Stanisław.
_netap 1
710 2 _aInstytut Łączności.
_eWydawca
_4pbl
260 _aWarszawa :
_bIŁ,
_c1969.
300 _a7 s.;
_c29 cm.
999 _c16962
_d16962